| 000 | 00890nas a2200289 4500 | ||
|---|---|---|---|
| 001 | BR2014004764 | ||
| 003 | BR-BrBNA | ||
| 005 | 20231205124327.0 | ||
| 007 | ta | ||
| 008 | 230509b bl.|||p| |||| 00| 00por d | ||
| 040 |
_aBR-BrBNA _bpor _cBiblioteca Nacional de Agricultura |
||
| 041 | _a(Pt) | ||
| 072 | _aL70 | ||
| 100 | 1 | _aLopes, J.R.G. | |
| 100 | 1 | _aRiet-Correa, F. | |
| 100 | 1 | _aMedeiros, M.A. de | |
| 100 | 1 | _aDantas, F.P.M. | |
| 100 | 1 | _aMedeiros, R.M.T. | |
| 245 | 1 | _aAdministração de diferentes concentrações de folhas de Ipomoea asarifolia na ração de camundongos | |
| 650 | _aCAMUNDONGO | ||
| 650 | _aRAÇÃO | ||
| 650 | _aPLANTA TÓXICA | ||
| 650 | _aEXPERIÊNCIA DE LABORATÓRIO | ||
| 773 | 0 |
_tCiência Rural (Brazil) _xISSN 0103-8478 _g(Mai 2014), v. 44(5) p. 872-877 _wBR2014004764 |
|
| 909 |
_a202311 _bLúcia _c55 _dLúcia Elande |
||
| 942 |
_2AGRIS _n0 _cANA |
||
| 999 |
_c238501 _d238501 |
||